Learning iOS design : (Record no. 157283)

MARC details
000 -LEADER
fixed length control field 01200cam a2200325 i 4500
001 - CONTROL NUMBER
control field vtls003258857
003 - CONTROL NUMBER IDENTIFIER
control field MY-SjTCS
005 - DATE AND TIME OF LATEST TRANSACTION
control field 20200226120010.0
008 - FIXED-LENGTH DATA ELEMENTS--GENERAL INFORMATION
fixed length control field 141122t20132013njua 001 0 eng d
020 ## - INTERNATIONAL STANDARD BOOK NUMBER
International Standard Book Number 9780321887498 (paperback)
020 ## - INTERNATIONAL STANDARD BOOK NUMBER
International Standard Book Number 0321887492 (paperback)
039 #9 - LEVEL OF BIBLIOGRAPHIC CONTROL AND CODING DETAIL [OBSOLETE]
Level of rules in bibliographic description 201809071357
Level of effort used to assign nonsubject heading access points VLOAD
Level of effort used to assign subject headings 201507281550
Level of effort used to assign classification shuhada
Level of effort used to assign subject headings 201507281548
Level of effort used to assign classification shuhada
Level of effort used to assign subject headings 201507281548
Level of effort used to assign classification shuhada
-- 201411221622
-- aishah_siti
040 ## - CATALOGING SOURCE
Description conventions rda
082 04 - DEWEY DECIMAL CLASSIFICATION NUMBER
Classification number 004.167
Item number VAN 2013
100 1# - MAIN ENTRY--PERSONAL NAME
Personal name Van Hecke, William.
9 (RLIN) 72099
245 10 - TITLE STATEMENT
Title Learning iOS design :
Remainder of title a hands-on guide for programmers and designers /
Statement of responsibility, etc. William Van Hecke.
264 #1 - PRODUCTION, PUBLICATION, DISTRIBUTION, MANUFACTURE, AND COPYRIGHT NOTICE
Place of production, publication, distribution, manufacture Upper Saddle River, NJ :
Name of producer, publisher, distributor, manufacturer Addison-Wesley,
Date of production, publication, distribution, manufacture, or copyright notice [2013]
264 #4 - PRODUCTION, PUBLICATION, DISTRIBUTION, MANUFACTURE, AND COPYRIGHT NOTICE
Date of production, publication, distribution, manufacture, or copyright notice ©2013
300 ## - PHYSICAL DESCRIPTION
Extent xxviii, 317 pages :
Other physical details illustrations (black and white, and colour) ;
Dimensions 23 cm
336 ## - CONTENT TYPE
Content type term text
Source rdacontent
336 ## - CONTENT TYPE
Content type term still image
Source rdacontent
337 ## - MEDIA TYPE
Media type term unmediated
Source rdamedia
338 ## - CARRIER TYPE
Carrier type term volume
Source rdacarrier
500 ## - GENERAL NOTE
General note Includes index.
630 00 - SUBJECT ADDED ENTRY--UNIFORM TITLE
Uniform title iOS (Electronic resource)
9 (RLIN) 51594
650 #0 - SUBJECT ADDED ENTRY--TOPICAL TERM
Topical term or geographic name entry element Application software
General subdivision Development.
9 (RLIN) 9298
650 #0 - SUBJECT ADDED ENTRY--TOPICAL TERM
Topical term or geographic name entry element iPad (Computer)
General subdivision Programming.
650 #0 - SUBJECT ADDED ENTRY--TOPICAL TERM
Topical term or geographic name entry element iPhone (Smartphone)
General subdivision Programming.
9 (RLIN) 35536
920 ## - Programme
Programme SOCIT : 215174
Holdings
Withdrawn status Lost status Source of classification or shelving scheme Damaged status Not for loan Collection code Home library Current library Date acquired Cost, normal purchase price Total Checkouts Barcode Date last seen Copy number Cost, replacement price Koha item type Public note
Withdrawn   Dewey Decimal Classification     Please fill up online form at https://taylorslibrary.taylors.edu.my/services/external_storage1 Taylor's Library-TU TU External Storage-LCS 06/01/2015 148.50   5000156328 05/12/2019 1 148.50 Main Collection SOCIT,15011,03,CL